Cut a good deal (Record no. 67707)

MARC details
000 -LEADER
fixed length control field 01021cam a2200253 4500
001 - CONTROL NUMBER
control field ABS64162
008 - FIXED-LENGTH DATA ELEMENTS--GENERAL INFORMATION
fixed length control field 010712n2001 000 0 eng u
035 ## - SYSTEM CONTROL NUMBER
System control number (Sirsi) u113628
100 ## - MAIN ENTRY--PERSONAL NAME
Personal name Harrup, B.
245 ## - TITLE STATEMENT
Title Cut a good deal
260 ## - PUBLICATION, DISTRIBUTION, ETC.
Date of publication, distribution, etc. 2001
490 ## - SERIES STATEMENT
Series statement Estates Gazette
Volume/sequential designation (0126) 30 June 2001, 156-157(2)
520 ## - SUMMARY, ETC.
Summary, etc. Highlights the key features of break clauses in tenancy agreements, advising tenants to ensure that it is conditional or, if conditions apply, to ensure that they can comply or negotiate an exit with the landlord where there is non-compliance. Rent and service charges should always be paid, early if necessary. Any argument about overcharging or a mistake can always be settled at a later date. Case law.
590 ## - LOCAL NOTE (RLIN)
Local note ABS
650 ## - SUBJECT ADDED ENTRY--TOPICAL TERM
Topical term or geographic name entry element BREAK CLAUSES
650 ## - SUBJECT ADDED ENTRY--TOPICAL TERM
Topical term or geographic name entry element COMMERCIAL LEASES
650 ## - SUBJECT ADDED ENTRY--TOPICAL TERM
Topical term or geographic name entry element CONDITIONS
650 ## - SUBJECT ADDED ENTRY--TOPICAL TERM
Topical term or geographic name entry element NON-COMPLIANCE
650 ## - SUBJECT ADDED ENTRY--TOPICAL TERM
Topical term or geographic name entry element RENT
650 ## - SUBJECT ADDED ENTRY--TOPICAL TERM
Topical term or geographic name entry element SERVICE CHARGES
650 ## - SUBJECT ADDED ENTRY--TOPICAL TERM
Topical term or geographic name entry element TENANCY AGREEMENTS
690 ## - LOCAL SUBJECT ADDED ENTRY--TOPICAL TERM (OCLC, RLIN)
Topical term or geographic name as entry element PROPERTY-LANDLORD AND TENANT
942 ## - ADDED ENTRY ELEMENTS (KOHA)
Suppress in OPAC 0
Holdings
Withdrawn status Lost status Source of classification or shelving scheme Damaged status Not for loan Home library Current library Shelving location Date acquired Total Checkouts Full call number Barcode Date last seen Copy number Price effective from Koha item type
    Dewey Decimal Classification     London London Journal article 12/07/2001   ABS64162 113628-1001 06/08/2019 1 06/08/2019 Journal article